000 00793nas a2200253 4500
001 BR0807065
003 BR-BrBNA
005 20231205112200.0
007 ta
008 230509b bl.|||p| |||| 00| 00por d
040 _aBR-BrBNA
_bpor
_cBiblioteca Nacional de Agricultura
041 _a(En)
072 _aL50; L40
100 1 _aYadav, P.R.
100 1 _aKumar, D.
100 1 _aGundevia, H.S.
245 1 _aStudies on the electrophoretic protein patterns of Haemolymph, fat body and ovary of Dytiscus marginalis Linn. (Dytiscidae - Coleoptera)
650 _aINSETO
650 _aBIOLOGIA ANIMAL
650 _aANATOMIA ANIMAL
773 0 _tNaturalia (Brasil)
_xISSN 0001-1944
_g(1988), v. 13 p. 29-35
_wBR0807065
909 _a202311
_bLúcia
_c55
_dLúcia Elande
942 _2AGRIS
_n0
_cANA
999 _c196564
_d196564